000 00505nam a2200193 a 4500
001 1768898037839
003 YourLibrary
005 20260120141624.0
008 260120s2006##################000#0#eng##
020 _a9780691123783
082 0 4 _a303.38
_bBER
100 1 _aBerinsky, Adam J.,
_eauthor.
245 1 0 _aSilent Voices :
260 _bPrinceton University Press,
_c2006.
300 _a216 pages
650 0 _aPolitical Science.
942 _cENGLISH
040 _aYourLibrary
_beng
_cYourLibrary
999 _c608705
_d608705